The administration of justice: an introduction to the criminal justice system in America
| Main Author: | |
|---|---|
| Format: | Print Book |
| Language: | English |
| Published: |
Dubuque, IA
Kendall Hunt Publishing Company
[2020]
|
| In: | Year: 2020 |
| Edition: | Fifth edition |
| Online Access: |
Table of Contents Blurb |
| Availability in Tübingen: | Present in Tübingen. UB: KB 3 B 917 |
| Check availability: | HBZ Gateway |
| Subito Delivery Service: | Order now. |
| Keywords: |
MARC
| LEADER | 00000cam a2200000 c 4500 | ||
|---|---|---|---|
| 001 | 1693848627 | ||
| 003 | DE-627 | ||
| 005 | 20240510202434.0 | ||
| 007 | tu | ||
| 008 | 200402s2020 xx ||||| 00| ||eng c | ||
| 020 | |a 1524992445 |9 1-5249-9244-5 | ||
| 020 | |a 9781524992446 |9 978-1-5249-9244-6 | ||
| 035 | |a (DE-627)1693848627 | ||
| 035 | |a (DE-599)KXP1693848627 | ||
| 040 | |a DE-627 |b ger |c DE-627 |e rda | ||
| 041 | |a eng | ||
| 084 | |a 2,1 |2 ssgn | ||
| 100 | 1 | |a Aberle, Robert |e VerfasserIn |0 (DE-588)1214755763 |0 (DE-627)1725844028 |4 aut | |
| 109 | |a Aberle, Robert | ||
| 245 | 1 | 4 | |a The administration of justice |b an introduction to the criminal justice system in America |c Robert Aberle |
| 250 | |a Fifth edition | ||
| 264 | 1 | |a Dubuque, IA |b Kendall Hunt Publishing Company |c [2020] | |
| 300 | |a xvi, 303 Seiten | ||
| 336 | |a Text |b txt |2 rdacontent | ||
| 337 | |a ohne Hilfsmittel zu benutzen |b n |2 rdamedia | ||
| 338 | |a Band |b nc |2 rdacarrier | ||
| 583 | 1 | |a Archivierung/Langzeitarchivierung gewährleistet |f SSG |x XA-DE-BW |2 pdager |5 DE-21 | |
| 655 | 7 | |a Lehrbuch |0 (DE-588)4123623-3 |0 (DE-627)104270187 |0 (DE-576)209561262 |2 gnd-content | |
| 689 | 0 | 0 | |d g |0 (DE-588)4078704-7 |0 (DE-627)106076612 |0 (DE-576)209209682 |a USA |2 gnd |
| 689 | 0 | 1 | |d s |0 (DE-588)4183472-0 |0 (DE-627)105302465 |0 (DE-576)210018860 |a Strafjustiz |2 gnd |
| 689 | 0 | 2 | |d s |0 (DE-588)4057808-2 |0 (DE-627)106149415 |0 (DE-576)20912377X |a Strafvollzug |2 gnd |
| 689 | 0 | |5 (DE-627) | |
| 856 | 4 | 2 | |u https://swbplus.bsz-bw.de/bsz1693848627inh.htm |m V:DE-576;B:DE-21 |q application/pdf |v 20200804153108 |3 Inhaltsverzeichnis |7 1 |
| 856 | 4 | 2 | |u https://swbplus.bsz-bw.de/bsz1693848627kla.htm |m V:DE-576;B:DE-21 |q application/pdf |v 20200804153109 |3 Klappentext |7 1 |
| 951 | |a BO | ||
| ELC | |b 1 | ||
| LOK | |0 000 xxxxxcx a22 zn 4500 | ||
| LOK | |0 001 3617703577 | ||
| LOK | |0 003 DE-627 | ||
| LOK | |0 004 1693848627 | ||
| LOK | |0 005 20200729113101 | ||
| LOK | |0 008 200402||||||||||||||||ger||||||| | ||
| LOK | |0 040 |a DE-21 |c DE-627 |d DE-21 | ||
| LOK | |0 852 |a DE-21 | ||
| LOK | |0 852 1 |c KB 3 B 917 |9 00 | ||
| LOK | |0 935 |a krim | ||
| LOK | |0 938 |a 2007 |f 34 | ||
| LOK | |0 939 |a 02-04-20 |b l01 | ||
| ORI | |a SA-MARC-krimdoka001.raw | ||
| SIG | |a UB: KB 3 B 917 | ||
